000 00655nam a2200169Ia 4500
008 090711s9999 xx 000 0 und d
082 _b1511
100 _aनार्वेकर श्रीधर
245 _aसामंज्यस्याने कामजीवन फुलवा
260 _c1996
300 _a234
600 _aनार्वेकर श्रीधर
630 _aसामंज्यस्याने कामजीवन फुलवा
700 _aनार्वेकर श्रीधर
730 _aसामंज्यस्याने कामजीवन फुलवा
942 _cBOOK
999 _c334389
_d334389